Normal view
MARC view
- URDU ADAB BIOGRAPHY-RELIGIOUS PEOPLE
Entry Topical Term
001 - CONTROL NUMBER
- control field: 76287
003 - CONTROL NUMBER IDENTIFIER
- control field: NUST
005 - DATE AND TIME OF LATEST TRANSACTION
- control field: 20210628205623.0
008 - FIXED-LENGTH DATA ELEMENTS
- fixed length control field: 210628|| aca||aabn | a|a d
040 ## - CATALOGING SOURCE
- Original cataloging agency: NUST
- Transcribing agency: NUST
150 ## - HEADING--TOPICAL TERM
- Topical term or geographic name entry element: URDU ADAB BIOGRAPHY-RELIGIOUS PEOPLE
670 ## - SOURCE DATA FOUND
- Source citation: Work cat.: (NUST): Niazi, Kausar Kausar Niazi 76286, Jinhay main nay dakaha, 1998
